Управление экономикой от А до Я: основные понятия и категории; словарь-справочник

Bibliographic Details
Other Authors: Белоусов Р. А. (редактор)
Language:Russian
Published: Москва, Экономика, 1986
Subjects:
Format: Book
KOHA link:https://koha.lib.tpu.ru/cgi-bin/koha/opac-detail.pl?biblionumber=18047

MARC

LEADER 00000nam0a2200000 4500
001 18047
005 20231030191140.0
035 |a (RuTPU)RU\TPU\book\18196 
035 |a BOOK00002884 
090 |a 18047 
100 |a 20011209d1986 km y0rusy50 ca 
101 0 |a rus 
102 |a RU 
105 |a y eg 000zy 
200 1 |a Управление экономикой от А до Я  |e основные понятия и категории  |e словарь-справочник  |f под ред. Р. А. Белоусова 
210 |a Москва  |c Экономика  |d 1986 
215 |a 303 с. 
610 1 |a экономика 
610 1 |a управление 
610 1 |a категории 
610 1 |a плановое управление 
610 1 |a справочные издания 
610 1 |a терминологические словари 
686 |a У9(2)21я2  |v LBC/SL-A  |2 rubbk 
702 1 |a Белоусов  |b Р. А.  |4 340 
801 0 |a RU  |b 63413507  |c 20011209  |g PSBO 
801 2 |a RU  |b 63413507  |c 20201210  |g PSBO 
942 |c BK